|
|
|
|
| LEADER |
01039nam a2200217 a 4500 |
| 001 |
00023953 |
| 008 |
111211s2008 bg 000 0 eng d |
| 020 |
|
|
|a 98444522807
|
| 040 |
|
|
|a BD-DhAAL
|c BD-DhAAL
|
| 082 |
0 |
0 |
|a 305.42/0954
|2 22
|
| 100 |
1 |
|
|a Ahmad, Zaheda.
|
| 245 |
0 |
0 |
|a Women in South Asia through the ages /
|c Zaheda Ahmad
|
| 260 |
|
|
|a Dhaka [Bangladesh] :
|b Palok,
|c 2008.
|
| 300 |
|
|
|a 109 p. ;
|c 22 cm.
|
| 541 |
1 |
|
|e 00023953
|
| 650 |
|
0 |
|a Women
|z South Asia
|x Social conditions.
|
| 852 |
1 |
|
|a James P. Grant School of Public Health (JPGSPH)
|
| 999 |
|
|
|c 11590
|d 11590
|
| 952 |
|
|
|0 0
|1 0
|2 ddc
|4 0
|6 305_420954000000000_AHM
|7 0
|9 18856
|a JPGSPH
|b JPGSPH
|d 2011-12-11
|e School of Public Helath
|l 0
|o 305.420954 AHM
|p 3060023953
|r 2011-12-13
|t 1
|w 2011-12-13
|y BK
|
| 952 |
|
|
|0 0
|1 0
|2 ddc
|4 0
|6 305_420954000000000_AMH
|7 0
|9 20503
|a JPGSPH
|b JPGSPH
|d 2012-06-14
|l 0
|o 305.420954 AMH
|p 3060025442
|r 2012-06-14
|t 2
|w 2012-06-14
|y BK
|
| 952 |
|
|
|0 0
|1 0
|2 ddc
|4 0
|6 305_420954000000000_AMH
|7 0
|9 20504
|a JPGSPH
|b JPGSPH
|d 2012-06-14
|l 0
|o 305.420954 AMH
|p 3050025443
|r 2012-06-14
|t 3
|w 2012-06-14
|y BK
|